Mensaje del Presidente de la República Miguel Angel Rodríguez a la Asamblea Legislativa 1 de mayo 2000

Zapisane w:
Opis bibliograficzny
1. autor: Rodríguez Echeverría, Miguel Angel
Format: Texto
Wydane: s.l.: s.e.
Etykiety: Dodaj etykietę
Nie ma etykietki, Dołącz pierwszą etykiete!

MARC

LEADER 00000 a a2200000 04500
001 27063
003
040
090 |a 183400  
100 |a Rodríguez Echeverría, Miguel Angel  
245 |a Mensaje del Presidente de la República Miguel Angel Rodríguez a la Asamblea Legislativa 1 de mayo 2000  
260 |a s.l.:   |b s.e.  
300 |a 54 p.  
500 |a Bajado de la Nación Digital e impreso  
999 |c 11199  |d 11199